000 01955nam2a2200349 4500
001 RU\NLR\bibl\1085205
005 20250615051149.0
010 _a5-8430-0108-3
_91000
021 _aRU
_b2007-21626
_91139
035 _a(NLR Aleph) 001072368
090 _a1006857
_c1006857
100 _a20070514d2006 |||y0rusy50 ca
101 0 _arus
102 _aRU
105 _aa |||||||||
200 1 _aЭкономика Карелии в переходный период (1991-2006 гг.)
_fВ.Г. Баданов, П.В. Дружинин, А.С. Колесов [и др.
_gредкол.: А.С. Ревайкин, д.э.н. (отв. ред.) и др.
_gавт. и рук. проекта А.С. Колесов]
210 _d2006
_aБ. м.
215 _a199,[1] с.
_cил., цв. ил., портр.
300 _aНа 196-й с. авт.: Колесов А.С., к.э.н., засл. экономист Рос. Федерации и Респ. Карелия, Баданов В.Г., к.ист.н., преп., Дружинин П.В., к.т.н. [и др.]
320 _aБиблиогр.: с. 186-189 (121 назв.)
320 _aГеогр. указ.: с. 192-193
320 _aУказ. имен: с. 194-195
461 0 _1001RU\NLR\bibl\887305
_12001#$aИстория экономики Карелии$vКн. 3
_91628112
_aБаданов, В. Г. (1962-)
_cПетрозаводск
_d2005
_fВ.Г. Баданов, Н.А. Кораблев, А.Ю. Жуков
_nПетроПресс
_oв 3 кн.
_tИстория экономики Карелии
_vКн. 3
701 1 _aБаданов
_bВ. Г.
_f1962-
_gВадим Георгиевич
_4070
701 1 _aДружинин
_bП. В.
_f1956-
_gПавел Васильевич
_4070
701 1 _aКолесов
_bА. С.
_f1949-
_gАлександр Семенович
_4070
801 0 _aRU
_bNLR
_c20070514
_gRCR
801 1 _aRU
_bNLR
_c20070514
830 _aАвт. по кн
942 _cBOOK
980 _aNB